| 000 | 00323nam a22001337a 4500 | ||
|---|---|---|---|
| 020 | _a0-19-564047-0 | ||
| 082 |
_a030 _bCRA/O |
||
| 100 | _aCRAWLEY, ANGELA | ||
| 245 | _aOXFORD ELEMENTARY LEARNER'S DICTIONARY | ||
| 260 |
_aDELHI _bOXFORD UNIVERSITY PRESS _c2003 |
||
| 300 | _a428 | ||
| 650 |
_aDICTIONARY _zINDIA |
||
| 942 | _cBK | ||
| 999 |
_c2034 _d2034 |
||